Statistieken voor Plaatsen aan de Waddenkust

Klik hier om de quiz te nemen!

Algemene statistieken

  • Deze quiz is 21 keer genomen
  • De gemiddelde score is 4 van 12

Antwoordstatistieken

ProvinciePlaatsInwoneraantal% Correct
FrieslandHarlingen15.758
100%
Noord-HollandDen Helder55.559
92%
FrieslandHolwerd1.607
67%
GroningenDelfzijl25.651
58%
Noord-HollandDen Oever4.255
50%
Noord-HollandHippolytushoef4.217
8%
GroningenTermunten575
8%
FrieslandTernaard1.380
8%
FrieslandBlije860
0%
GroningenFarmsum1.615
0%
GroningenHolwierde960
0%
Noord-HollandWesterland730
0%

Scoreverdeling

Percentiel versus Aantal Correcte Antwoorden

Procent van Mensen met Elke Score

Uw Scoregeschiedenis

U heeft deze quiz nog niet genomen